00605nam a2200157Ia 450000500170000000800410001710000280005824501380008625000110022426000500023530000110028565000140029694200070031099900150031795201150033220260328101507.0260328s9999||||xx |||||||||||||| ||und|| aLoreto López, Rosalva 0aPerfiles habitacionales y condiciones Ambientales :b Historia Urbana de Latinoamérica (Siglos XVII - XX) /cRosalva Loreto López a1a ed. bBenemérita Universidad Autónoma de Puebla a390 p. aURBANISMO cBK c9049d9049 001040708GENaGPCbGPCcGENd2026-03-28i2848l0o711.9 L 888p2848r2026-03-28 15:15:07t1w2026-03-28yBK